000 00679nam a2200229Ii 4500
003 JO-AjNU
008 230605s9999||||xx |||||||||||||| ||und||
017 _a1978/3559
020 _a977-247-326-6
040 _aJO-AjNU
_bara
_erda
_cJO-AjNU
041 _aara
050 1 4 _aBP161.2 1978
100 3 _aكشك،محمد جلال,
_eauthor
_916039
245 0 0 _aالحق المر
250 _aط3
264 3 1 _aالقاهرة: دار المعارف، 1978
300 _a217ص
336 _atext
_btxt
_2rdacontent
337 _aunmediated
_bn
_2rdamedia
338 _avolume
_bnc
_2rdacarrier
650 4 _aالثقافة الاسلامية- الوعظ والارشاد
_916040
999 _aA4666
_c8234
_d8234